| 000 | 00401nam a2200145Ia 4500 | ||
|---|---|---|---|
| 008 | 231129s2003||||xx |||||||||||||| ||spa|| | ||
| 020 | _a968-18-6161-2 | ||
| 040 | _bspa | ||
| 082 | _a617.1027 B792m | ||
| 100 | _aBoyle Daniel J. | ||
| 245 | 0 | _aMedicina del deporte: guía para padres y entrenadores | |
| 260 | _c2003 | ||
| 264 | _aLimusa | ||
| 942 |
_2ddc _cBKS |
||
| 999 |
_c20854 _d20854 |
||